| 000 | 00934nam a2200253Ia 4500 | ||
|---|---|---|---|
| 003 | OSt | ||
| 005 | 20221005103121.0 | ||
| 006 | a|||||r|||| 00| 0 | ||
| 007 | ta | ||
| 008 | 221004b |||||||| |||| 00| 0 hin d | ||
| 024 | _a31629 | ||
| 037 | _cTextual | ||
| 040 |
_aCRL _cCRL _bhin |
||
| 041 |
_2hin _ahin |
||
| 082 | _aU:(J).255.p1N, 152L2 | ||
| 100 | _aजोशी, यशवन्त गोविन्द | ||
| 245 | 0 | _aनर्मदा बेसिन का कृषि भूगोल | |
| 246 | _aNarmadā besin kā kṛuṣhi bhūgola | ||
| 260 |
_aउ0 _bप्र0 मध्यप्रदेश हिन्दी ग्रन्थ अकादमी भारत _c1972 |
||
| 300 |
_a214पृ0 _ccm. |
||
| 650 | _aभारतीय-भूगोल | ||
| 942 |
_hU:(J).255.p1N, 152L2 _cTEXL _2cc |
||
| 999 |
_c1009485 _d1009485 |
||